El siglo XVI (Record no. 7148)

MARC details
000 -LEADER
campo de control de longitud fija 00814nam a2200241 i 4500
001 - NÚMERO DE CONTROL
campo de control 7148
003 - IDENTIFICADOR DE NÚMERO DE CONTROL
campo de control ES-MaACL
005 - FECHA Y HORA DE LA ÚLTIMA TRANSACCIÓN
campo de control 20230906145154.0
007 - CAMPO FIJO DE DESCRIPCIÓN FÍSICA--INFORMACIÓN GENERAL
campo de control de longitud fija t|
008 - DATOS DE LONGITUD FIJA--INFORMACIÓN GENERAL
campo de control de longitud fija 900921s1990 sp |||| | spa d
020 ## - NÚMERO INTERNACIONAL ESTÁNDAR DEL LIBRO
Número Internacional Estándar del Libro 84-7600-478-8
080 ## - NÚMERO DE LA CLASIFICACIÓN DECIMAL UNIVERSAL
Número de la Clasificación Decimal Universal 9(100)"15/16"
100 1# - ENTRADA PRINCIPAL--NOMBRE DE PERSONA
Nombre de persona Péronnet, Michel.
9 (RLIN) 91323
245 13 - MENCIÓN DEL TÍTULO
Título El siglo XVI
Resto del título : de los grandes descubrimientos a la Contrarreforma (1492-1620) /
Mención de responsabilidad, etc. Michel Peronnet ; traduccion de Yago Barja de Quiroga.
260 ## - PUBLICACIÓN, DISTRIBUCIÓN, ETC.
Lugar de publicación, distribución, etc. Madrid :
Nombre del editor, distribuidor, etc. Akal,
Fecha de publicación, distribución, etc. [1990]
300 ## - DESCRIPCIÓN FÍSICA
Extensión 328 p., [16] p. de mapas :
Otras características físicas il. ;
Dimensiones 24 cm.
490 1# - MENCIÓN DE SERIE
Mención de serie Iniciacion a la historia ;
Designación de volumen o secuencia 5
651 #4 - PUNTO DE ACCESO ADICIONAL DE MATERIA--NOMBRE GEOGRÁFICO
Nombre geográfico Europa-
Subdivisión general Historia-
Subdivisión cronológica 1492-1648.
9 (RLIN) 167962
700 1# - ENTRADA AGREGADA--NOMBRE PERSONAL
Nombre de persona Barja de Quiroga, Yago.
9 (RLIN) 25663
830 1# - PUNTO DE ACCESO ADICIONAL DE SERIE-TÍTULO UNIFORME
Título uniforme Iniciacion a la historia ;
Designación de volumen o secuencia 5
9 (RLIN) 178410
852 ## - LOCALIZACIÓN
Ubicación ES-MaACL
Número de control de estantería L-14399
Holdings
Estatus retirado Estado de pérdida Estado de daño No para préstamo Biblioteca de origen Biblioteca actual Ubicación en estantería Fecha de adquisición Fuente de adquisición Total de préstamos Signatura topográfica completa Código de barras Visto por última vez Precio de reemplazo Tipo de ítem Koha
        Biblioteca del Ateneo de Madrid Biblioteca del Ateneo de Madrid Depósito 2 17/01/2008     L-14399 1007286 23/02/2023 23/02/2023 Libro impreso